| 000 | 00559nam a2200169Ia 4500 | ||
|---|---|---|---|
| 008 | 140609s9999 xx 000 0 und d | ||
| 020 | _a9789715065474 | ||
| 050 |
_aPL 5534 _b.C263 2009 |
||
| 100 | _aCasanova, Arthur P. | ||
| 245 |
_aKasaysayan at pag-unlad ng dulaang pantinedyer sa Pilipinas / _cArthur P. Casanova |
||
| 260 |
_aManila, Philippines : _bUST Publishing House, _cc2009. |
||
| 300 |
_a579 p. : _bill. ; _c26 cm. |
||
| 500 | _aIncludes bibliographical references and appendix. | ||
| 521 | _aGE | ||
| 942 |
_kLOC _cBK |
||
| 999 |
_c118226 _d118226 |
||